[Event "Oberliga Sued W 2122"]
[Site "Germany"]
[Date "2022.06.26"]
[Round "5.2"]
[White "Jeschke, Jan"]
[Black "Joeres, Roman"]
[Result "1-0"]
[WhiteElo "2130"]
[BlackElo "1863"]
[PlyCount "69"]
[EventDate "2021.10.24"]
[EventType "team-tourn"]
[EventRounds "9"]
[EventCountry "GER"]
[SourceTitle "EXT 2023"]
[Source "ChessBase"]
[SourceDate "2022.10.05"]
[SourceVersion "1"]
[SourceVersionDate "2022.10.05"]
[SourceQuality "1"]
[WhiteTeam "Schwarzenbach"]
[BlackTeam "St Ingbert"]
[WhiteTeamCountry "GER"]
[BlackTeamCountry "GER"]

1. e4 e6 2. d4 d5 3. Nd2 Nf6 4. e5 Nfd7 5. Bd3 c5 6. c3 Nc6 7. Ne2 cxd4 8. cxd4 f6 9. exf6 Nxf6 10. 0-0 Bd6 11. Nf3 Qc7 12. Bg5 0-0 13. Bh4 Nh5 14. Qc2 h6 15. Bg6 Rxf3 16. gxf3 Bxh2+ 17. Kh1 Nf4 18. Ng3 e5 19. Rad1 Qd6 20. Bh7+ Kh8 21. Kxh2 g6 22. Bxg6 Nxg6 23. Qc5 Qe6 24. Rh1 Qf7 25. Qc1 Kh7 26. Kg1 Nxd4 27. Rxd4 exd4 28. Bg5 Be6 29. Rxh6+ Kg8 30. Qc2 Nf8 31. Bf6 Nh7 32. Bxd4 Rc8 33. Qg6+ Qxg6 34. Rxg6+ Kf8 35. Rxe6 1-0

[Event "Oberliga Sued W 1920"]
[Site "Germany"]
[Date "2020.01.19"]
[Round "5.6"]
[White "Joeres, Roman"]
[Black "Bruch, Jochen"]
[Result "1/2-1/2"]
[WhiteElo "1877"]
[BlackElo "2190"]
[PlyCount "82"]
[EventDate "2019.09.29"]
[EventType "team-tourn"]
[EventRounds "9"]
[EventCountry "GER"]
[SourceTitle "EXT 2021"]
[Source "ChessBase"]
[SourceDate "2020.10.23"]
[SourceVersion "1"]
[SourceVersionDate "2020.10.23"]
[SourceQuality "1"]

1. d4 Nf6 2. c4 c5 3. d5 e6 4. Nc3 exd5 5. cxd5 d6 6. g3 g6 7. Nf3 Bg7 8. Bg2 0-0 9. 0-0 a6 10. a4 Nbd7 11. Bf4 Qc7 12. Nd2 Nh5 13. Nc4 Nxf4 14. gxf4 Nb6 15. Na3 Bd7 16. a5 Nc8 17. Nc4 Bb5 18. Qb3 Na7 19. Na3 Bd7 20. Nc4 Nb5 21. e3 Rad8 22. Ne4 Be8 23. Rfe1 Qe7 24. Rac1 h6 25. Qd1 f5 26. Nc3 Qf6 27. Qd2 g5 28. Ne2 Bh5 29. Ng3 Bg6 30. fxg5 hxg5 31. Qd1 Rde8 32. Nh5 Qf7 33. Nxg7 Kxg7 34. Qd2 Qf6 35. f4 Rh8 36. Rf1 g4 37. Rf2 Qh4 38. Bf1 g3 39. Rg2 gxh2+ 40. Rxh2 Qg3+ 41. Rg2 Qh4 1/2-1/2

[Event "GER-chT U16"]
[Site "Magdeburg"]
[Date "2014.12.28"]
[Round "3.4"]
[White "Joeres, Roman"]
[Black "Stelmaszyk, Nico"]
[Result "0-1"]
[WhiteElo "1454"]
[BlackElo "1504"]
[PlyCount "72"]
[EventDate "2014.12.27"]
[EventType "team-swiss"]
[EventRounds "7"]
[EventCountry "GER"]
[SourceTitle "EXT 2016"]
[Source "ChessBase"]
[SourceDate "2015.10.08"]
[SourceVersion "1"]
[SourceVersionDate "2015.10.08"]
[SourceQuality "1"]
[WhiteTeam "Karlsruhe"]
[BlackTeam "Lehrte"]
[WhiteTeamCountry "GER"]
[BlackTeamCountry "GER"]

1. d4 d5 2. c4 e6 3. Nf3 c5 4. e3 Nf6 5. Nc3 Nc6 6. dxc5 Bxc5 7. cxd5 Nxd5 8. Nxd5 Qxd5 9. Qxd5 exd5 10. Bd2 Bd7 11. Rc1 Bd6 12. Bb5 0-0 13. 0-0 Rfd8 14. Rfd1 a6 15. Bxc6 bxc6 16. Ba5 Rdc8 17. e4 Be6 18. Nd4 Bd7 19. Ne2 Be6 20. f4 Bg4 21. e5 Bxe5 22. fxe5 Bxe2 23. Rd2 Bg4 24. Rdc2 Bd7 25. Bb4 Re8 26. Bd6 Re6 27. Rf1 f6 28. Rcf2 h6 29. Re1 Rae8 30. Rfe2 fxe5 31. Rxe5 Rxd6 32. Rxe8+ Bxe8 33. Rxe8+ Kf7 34. Ra8 c5 35. Rc8 c4 36. Kf2 Rb6 0-1

[Event "Baden-ch U14"]
[Site "Karlsruhe Durlach"]
[Date "2012.01.03"]
[Round "3"]
[White "Joeres, Roman"]
[Black "Bay, Nicolai"]
[Result "0-1"]
[WhiteElo "1097"]
[BlackElo "1481"]
[PlyCount "82"]
[EventDate "2012.01.02"]
[EventType "swiss"]
[EventRounds "7"]
[EventCountry "GER"]
[SourceTitle "EXT 2015"]
[Source "ChessBase"]
[SourceDate "2014.11.20"]
[SourceVersion "1"]
[SourceVersionDate "2014.11.20"]
[SourceQuality "1"]

1. e4 b6 2. d4 Bb7 3. Nc3 e6 4. Bf4 Bb4 5. Bd3 Nf6 6. Bd2 Bxc3 7. Bxc3 Nxe4 8. Qg4 Qg5 9. Qxg5 Nxg5 10. f3 f6 11. Ne2 Nc6 12. Ng3 Ne7 13. Ne4 Nf7 14. 0-0-0 Nd5 15. Kb1 0-0-0 16. Bc4 Ne3 17. Bxe6 dxe6 18. Rd2 Nd5 19. Re1 Nxc3+ 20. Nxc3 e5 21. d5 Nd6 22. Ne4 Nxe4 23. fxe4 c6 24. Red1 cxd5 25. exd5 Rd6 26. c4 Kd7 27. b4 Rc8 28. Rc2 Ke7 29. a4 a6 30. c5 bxc5 31. bxc5 Rxd5 32. Rxd5 Bxd5 33. Kb2 Bc6 34. a5 Ke6 35. Rd2 Bb5 36. Rd6+ Kf5 37. Rd5 Bc4 38. Rd7 Kg6 39. Rd2 Rxc5 40. Rc2 Rb5+ 41. Kc3 Bd5 0-1